<?xml version="1.0" encoding="UTF-8"?><?xml-stylesheet type="text/xsl" href="static/style.xsl"?><OAI-PMH xmlns="http://www.openarchives.org/OAI/2.0/" xmlns:xsi="http://www.w3.org/2001/XMLSchema-instance" xsi:schemaLocation="http://www.openarchives.org/OAI/2.0/ http://www.openarchives.org/OAI/2.0/OAI-PMH.xsd"><responseDate>2026-04-17T12:04:35Z</responseDate><request verb="GetRecord" identifier="oai:riubu.ubu.es:10259/7561" metadataPrefix="marc">https://riubu.ubu.es/oai/request</request><GetRecord><record><header><identifier>oai:riubu.ubu.es:10259/7561</identifier><datestamp>2023-04-19T08:00:45Z</datestamp><setSpec>com_10259_4365</setSpec><setSpec>com_10259_5086</setSpec><setSpec>com_10259_2604</setSpec><setSpec>com_10259_4363</setSpec><setSpec>com_10259_6185</setSpec><setSpec>com_10259_3591</setSpec><setSpec>com_10259.4_106</setSpec><setSpec>col_10259_4366</setSpec><setSpec>col_10259_4364</setSpec><setSpec>col_10259_6186</setSpec></header><metadata><record xmlns="http://www.loc.gov/MARC21/slim" xmlns:doc="http://www.lyncode.com/xoai" xmlns:xsi="http://www.w3.org/2001/XMLSchema-instance" xmlns:dcterms="http://purl.org/dc/terms/" xsi:schemaLocation="http://www.loc.gov/MARC21/slim http://www.loc.gov/standards/marcxml/schema/MARC21slim.xsd">
<leader>00925njm 22002777a 4500</leader>
<datafield tag="042" ind1=" " ind2=" ">
<subfield code="a">dc</subfield>
</datafield>
<datafield tag="720" ind1=" " ind2=" ">
<subfield code="a">Acuña, M. Isabel</subfield>
<subfield code="e">author</subfield>
</datafield>
<datafield tag="720" ind1=" " ind2=" ">
<subfield code="a">Rubio Antolin, Ana Rosa</subfield>
<subfield code="e">author</subfield>
</datafield>
<datafield tag="720" ind1=" " ind2=" ">
<subfield code="a">Martínez Alonso, Marta</subfield>
<subfield code="e">author</subfield>
</datafield>
<datafield tag="720" ind1=" " ind2=" ">
<subfield code="a">Busto Vázquez, Natalia</subfield>
<subfield code="e">author</subfield>
</datafield>
<datafield tag="720" ind1=" " ind2=" ">
<subfield code="a">Rodríguez, Ana María</subfield>
<subfield code="e">author</subfield>
</datafield>
<datafield tag="720" ind1=" " ind2=" ">
<subfield code="a">Davila Ferreira, Nerea</subfield>
<subfield code="e">author</subfield>
</datafield>
<datafield tag="720" ind1=" " ind2=" ">
<subfield code="a">Smythe, Carl</subfield>
<subfield code="e">author</subfield>
</datafield>
<datafield tag="720" ind1=" " ind2=" ">
<subfield code="a">Espino Ordóñez, Gustavo</subfield>
<subfield code="e">author</subfield>
</datafield>
<datafield tag="720" ind1=" " ind2=" ">
<subfield code="a">García Ruiz, Begoña</subfield>
<subfield code="e">author</subfield>
</datafield>
<datafield tag="720" ind1=" " ind2=" ">
<subfield code="a">Domínguez, Fernando</subfield>
<subfield code="e">author</subfield>
</datafield>
<datafield tag="260" ind1=" " ind2=" ">
<subfield code="c">2022-12</subfield>
</datafield>
<datafield tag="520" ind1=" " ind2=" ">
<subfield code="a">Cancers are driven by multiple genetic mutations but evolve to evade treatments targeting&#xd;
specific mutations. Nonetheless, cancers cannot evade a treatment that targets mitochondria, which&#xd;
are essential for tumor progression. Iridium complexes have shown anticancer properties, but&#xd;
they lack specificity for their intracellular targets, leading to undesirable side effects. Herein we&#xd;
present a systematic study on structure-activity relationships of eight arylbenzazole-based Iridium(III)&#xd;
complexes of type [IrCl(Cp*)], that have revealed the role of each atom of the ancillary ligand in the&#xd;
physical chemistry properties, cytotoxicity and mechanism of biological action. Neutral complexes,&#xd;
especially those bearing phenylbenzimidazole (HL1 and HL2), restrict the binding to DNA and&#xd;
albumin. One of them, complex 1[C,NH-Cl], is the most selective one, does not bind DNA, targets&#xd;
exclusively the mitochondria, disturbs the mitochondria membrane permeability inducing proton&#xd;
leak and increases ROS levels, triggering the molecular machinery of regulated cell death. In&#xd;
mice with orthotopic lung tumors, the administration of complex 1[C,NH-Cl] reduced the tumor&#xd;
burden. Cancers are more vulnerable than normal tissues to a treatment that harnesses mitochondrial&#xd;
dysfunction. Thus, complex 1[C,NH-Cl] characterization opens the way to the development of new&#xd;
compounds to exploit this vulnerability</subfield>
</datafield>
<datafield tag="024" ind2=" " ind1="8">
<subfield code="a">http://hdl.handle.net/10259/7561</subfield>
</datafield>
<datafield tag="024" ind2=" " ind1="8">
<subfield code="a">10.3390/cancers15010107</subfield>
</datafield>
<datafield tag="024" ind2=" " ind1="8">
<subfield code="a">2072-6694</subfield>
</datafield>
<datafield ind1=" " ind2=" " tag="653">
<subfield code="a">Organometallic iridium complex</subfield>
</datafield>
<datafield ind1=" " ind2=" " tag="653">
<subfield code="a">DNA binding</subfield>
</datafield>
<datafield ind1=" " ind2=" " tag="653">
<subfield code="a">Mitochondrial damage</subfield>
</datafield>
<datafield ind1=" " ind2=" " tag="653">
<subfield code="a">Proton leak</subfield>
</datafield>
<datafield ind1=" " ind2=" " tag="653">
<subfield code="a">Apoptosis</subfield>
</datafield>
<datafield tag="245" ind1="0" ind2="0">
<subfield code="a">Targets, Mechanisms and Cytotoxicity of Half-Sandwich Ir(III) Complexes Are Modulated by Structural Modifications on the Benzazole Ancillary Ligand</subfield>
</datafield>
</record></metadata></record></GetRecord></OAI-PMH>